Sborník prednášok z 1. celoštátnej konferencie o hygiene a bezpečnosti práce v zlievárňach Tatranská Lomnica 5.-8. decembra 1961

Podrobná bibliografia
Korporatívny autor: Celoštátna konferencia o hygiene a bezpečnosti práce v zlievárňach Tatranská Lomnica, Slovensko
Médium: Konferenčný príspevok Kniha
Jazyk:slovenčina
Fyzický popis:363, [5] s. 4°
Vydavateľské údaje: Bratislava Dom techniky pri Slovenskej rade Čs.VTS 1962
Predmet:

MARC

LEADER 00000nam a2200000 a 4500
001 vtls010618850
003 SK-MaSNL
005 20260301180415.0
008 180813s1962 xo f 100 0 slo
040 |a SNK  |b slo  |c SNK  |e AACR2 
041 0 |a slo 
043 |a e-xo--- 
044 |a xo  |c SK 
080 |a 061.3:621.74:/628.5+614.8(08)  |2 1981 
111 2 |a Celoštátna konferencia o hygiene a bezpečnosti práce v zlievárňach  |n (1. :  |d 1961 :  |c Tatranská Lomnica, Slovensko)  |9 551650 
245 1 0 |a Sborník prednášok z 1. celoštátnej konferencie o hygiene a bezpečnosti práce v zlievárňach  |b Tatranská Lomnica 5.-8. decembra 1961 
260 |a Bratislava  |b Dom techniky pri Slovenskej rade Čs.VTS  |c 1962 
300 |a 363, [5] s.  |c 4° 
500 |a Vyd. pre Slovenskú radu Čs.VTS 
650 0 7 |a zlievarenstvo  |2 SNKPH  |9 67317 
650 0 7 |a bezpečnosť pri práci  |2 SNKPH  |9 336966 
650 0 7 |a hygiena práce  |2 SNKPH  |9 1298 
651 7 |a Tatranská Lomnica (Vysoké Tatry, Slovensko)  |2 SNKPH  |9 160914 
655 7 |a zborníky konferencií  |2 SNKPH  |9 70153 
710 2 |a Slovenská rada Čs.VTS (Bratislava, Slovensko)  |4 pbl  |9 336720 
958 |a OND 
999 |c 846070  |d 848000 
952 |a SNK  |b SNK  |y PREZ  |7 0  |p 17A0971561  |o snkSB 27846  |i snkD 214/79  |8 1  |0 0  |1 0  |4 0  |d 2014-09-10  |l 0  |r 2025-04-01 00:00:00  |w 2026-02-24